000 04851nam a2201837 c 4500
003 PE-LiUPU
005 20250813170014.0
008 221207b |||||||| |||| 00| 0 spa d
017 _aM 29849-2017
_bOficina Depósito Legal Madrid
020 _a9788417033163
035 _a(OCoLC)1121512752
040 _aPE-LiUPU
_bspa
_cPE-LiUPU
_erda
041 1 _aspa
_heng
082 _a613.2
_bH739e
100 _aHolli, Betsy B.
_eAutor.
_9809
240 1 0 _aNutrition counseling and education skills
_lEspañol
245 1 0 _aEducación nutricional :
_bGuía para profesionales de la nutrición /
_cBetsy B. Holli, Judith A. Beto.
250 _a7a edición
264 1 _aBarcelona :
_bWolters Kluwer,
_c2018.
300 _a446 páginas :
_bilustraciones (color), gráficos (color),
_c23 centimetros.
336 _aTexto
_2rdacontent
337 _asin mediación
_2rdamedia
338 _avolumen
_2rdacarrier
500 _aIncluye Índice,
504 _aIncluye Bibliografía: páginas 409-433,
505 _aHabilidades de comunicación -- Expandir el ámbito de la practica nutricional -- Comunicación -- Entrevistas -- Comunicación y competencia cultural -- Asesoramiento y consejería para un cambio de comportamiento de salud -- Etapas y procesos del cambio de comportamiento de salud -- Asesoramiento y consejería centrados en la persona -- Asesoramiento y consejería para modificación de comportamiento -- Asesoramiento y consejería para el cambio cognitivo -- Asesoramiento y consejería a través de las etapas -- Habilidades educativas -- Principios y teorías del aprendizaje -- Planeación del aprendizaje -- Implementación y evaluación del aprendizaje -- Presentaciones orales -- Uso de medios para la instrucción -- Facilitación del aprendizaje en grupo.
526 _aP203
526 _aP200
526 _aSEG65
526 _aSEG64
526 _aSEG63
526 _aSEG62
526 _aSEG61
526 _aSEG60
526 _aSEG59
526 _aSEG58
526 _aSEG57
526 _aSEG56
526 _aSEG55
526 _aSEG54
526 _aSEG53
526 _aSEG52
526 _aSEG51
526 _aSEG50
526 _aSEG49
526 _aSEG48
526 _aSEG47
526 _aSEG46
526 _aSEG24
526 _aSEG23
526 _aSEG22
526 _aSEG21
526 _aSEG20
526 _aSEG19
526 _aSEG18
526 _aSEG17
526 _aSEG16
526 _aSEG14
526 _aSEG13
526 _aSEG12
526 _aSEG11
526 _aSEG10
526 _aSEG09
526 _aSEG06
526 _aSEG05
526 _aSEG04
526 _aSEG03
526 _aSEG02
526 _aSEG68
526 _aSEG66
526 _aSEG45
526 _aSEG25
526 _aSEG01
526 _aP163
526 _aP162
526 _aP161
526 _aP160
526 _aP159
526 _aP158
526 _aP157
526 _aP156
526 _aP155
526 _aP154
526 _aP153
526 _aP152
526 _aP151
526 _aP150
526 _aP149
526 _aP142
526 _aP141
526 _aP140
526 _aP139
526 _aP138
526 _aP137
526 _aP132
526 _aP131
526 _aP130
526 _aP126
526 _aP125
526 _aP124
526 _aP123
526 _aP115
526 _aP122
526 _aP121
526 _aP116
526 _a P114
526 _aP112
526 _aP111
526 _aP104
526 _aP103
526 _aP102
526 _aP101
526 _aP100
526 _aP96
526 _aP95
526 _aP93
526 _aP92
526 _aP91
526 _aP88
526 _aP83
526 _aP82
526 _aP79
526 _aP78
526 _aP75
526 _aP74
526 _aP71
526 _aP69
526 _a P51
526 _aP49
526 _aP48
526 _aP47
526 _aP33
526 _aP31
526 _a P30
526 _aP29
526 _aP27
526 _aP26
526 _aP25
526 _aP24
526 _a P22
526 _aP10
526 _aP09
526 _a P08
526 _aP06
526 _aP05
526 _aP04
526 _aP01
650 0 _aNutrición
_xEstudio y enseñanza.
_9810
700 _aBeto, Judith A.
_eAutor.
_9811
700 _aLema, Silvia N.
_eRevisión científica.
_9812
700 _aMacedo Ojeda, Gabriela
_eRevisión científica.
_9813
700 _aObón, Pilar
_eTraducción.
_9814
856 4 2 _3Acceso a contenido adicional
_uhttp://thepoint.lww.com/espanol-Holli_7e
_zcon clave de acceso
942 _2ddc
_cBK
_n0
999 _c61670
_d61670
980 _622041
_aELI VALDERRAMA Analista Documental
_81
_gALBERTO SANCHEZ Responsable de Automatización